000 00967nam a2200289 a 4500
999 _c58544
_d58544
001 2795808
003 ARRUPE
005 20170612101431.0
008 830127s1980 nr a 001 0aeng
010 _a 81169277
020 _a9781561173 (pbk.)
040 _aDLC
_cDLC
_dDLC
043 _af-nr---
050 0 0 _aDT515.836
_b.M32 1980
082 0 0 _a966.9/05
_219
100 1 _aMadiebo, Alexander A.
_932517
245 1 4 _aThe Nigerian revolution and the Biafran war /
_cAlexander A. Madiebo.
260 _aEnugu, Nigeria :
_bFourth Dimension Publishers,
_c1980.
300 _axii, 411 p. :
_bill. ;
_c22 cm.
500 _aIncludes index.
600 1 0 _aMadiebo, Alexander A.
_932517
610 2 0 _aBiafran Army.
_932518
610 2 0 _aBiafran Army
_xBiography.
_932519
650 0 _aGenerals
_zNigeria
_xBiography.
_932520
651 0 _aNigeria
_xHistory
_yCivil War, 1967-1970
_xPersonal narratives.
_932521
906 _a7
_bcbc
_corignew
_d2
_encip
_f19
_gy-gencatlg
942 _2lcc
_cMONOGRAPH